[Event "Lloyds Bank Masters 17th"]
[Site "London"]
[Date "1993.08.27"]
[Round "7"]
[White "Krasenkow, Michal"]
[Black "Gullaksen, Eirik T"]
[Result "1-0"]
[WhiteElo "2595"]
[BlackElo "2390"]
[PlyCount "75"]
[EventDate "1993.08.21"]
[EventType "swiss"]
[EventRounds "10"]
[EventCountry "ENG"]

1. c4 g6 2. d4 Nf6 3. Nc3 Bg7 4. e4 d6 5. h3 O-O 6. Nf3 e5 7. d5 c5 8. Bg5 Qa5
9. Nd2 Na6 10. Be2 Bd7 11. a3 h6 12. Be3 Qd8 13. g4 Ne8 14. Bd3 Nac7 15. h4 a6
16. b4 f5 17. gxf5 gxf5 18. exf5 cxb4 19. axb4 e4 20. Ndxe4 Bxf5 21. Rc1 Nf6
22. Rg1 Nxe4 23. Nxe4 Bxe4 24. Qg4 Qf6 25. Qxe4 Rfe8 26. Qh7+ Kf8 27. Kd1 Re7
28. Rxg7 Rxg7 29. Bxh6 a5 30. c5 Nxd5 31. Bxg7+ Qxg7 32. Qf5+ Qf7 33. Qxf7+
Kxf7 34. Bc4 Ke6 35. Rc2 Ke5 36. Bxd5 Kxd5 37. Rd2+ Kc4 38. cxd6 1-0

[Event "Lloyds Bank Masters 17th"]
[Site "London"]
[Date "1993.08.27"]
[Round "7"]
[White "Rayner, Francis"]
[Black "Barua, Dibyendu"]
[Result "0-1"]
[WhiteElo "2295"]
[BlackElo "2510"]
[PlyCount "76"]
[EventDate "1993.08.21"]
[EventType "swiss"]
[EventRounds "10"]
[EventCountry "ENG"]

1. c4 e5 2. Nc3 Nc6 3. Nf3 g6 4. d4 exd4 5. Nxd4 Bg7 6. Nc2 d6 7. g3 Ne5 8. Ne3
h5 9. h3 Ne7 10. Bg2 O-O 11. O-O Be6 12. Qc2 c6 13. b3 d5 14. Rd1 d4 15. Bb2
Nd7 16. Ne4 dxe3 17. Bxg7 Kxg7 18. Qc3+ f6 19. Rd6 Bf5 20. Rad1 Qc7 21. g4
exf2+ 22. Nxf2 Ne5 23. gxf5 Nxf5 24. R6d2 Rae8 25. Be4 Nh6 26. Qg3 Re7 27. Kh1
f5 28. Bg2 Rf6 29. Qc3 Nhf7 30. c5 h4 31. Rd4 g5 32. Nd3 Ng6 33. Rd2 Qg3 34.
Qb2 g4 35. Rd1 gxh3 36. Bf3 h2 37. Rf1 Ng5 38. Ne1 Re5 0-1

[Event "Lloyds Bank Masters 17th"]
[Site "London"]
[Date "1993.08.27"]
[Round "7"]
[White "Har Zvi, Ronen"]
[Black "Jonsson, Hans"]
[Result "1-0"]
[WhiteElo "2505"]
[BlackElo "2405"]
[PlyCount "69"]
[EventDate "1993.08.21"]
[EventType "swiss"]
[EventRounds "10"]
[EventCountry "ENG"]

1. e4 c5 2. Nf3 d6 3. d4 cxd4 4. Nxd4 Nf6 5. Nc3 Nc6 6. Be3 e5 7. Nf3 Be7 8.
Bc4 O-O 9. O-O Be6 10. Qe2 Rc8 11. Bb3 Na5 12. Rfd1 Bc4 13. Qe1 Qc7 14. Bg5
Rfd8 15. Bxc4 Nxc4 16. Bxf6 Bxf6 17. Nd5 Qa5 18. b4 Qa4 19. Qe2 Kh8 20. Nxf6
gxf6 21. Nh4 Qd7 22. Qh5 Rg8 23. Qh6 Qe6 24. Rd3 f5 25. Nxf5 Qxh6 26. Nxh6 Rg6
27. Nf5 Re6 28. Rc3 Ree8 29. Rxc4 Rxc4 30. Nxd6 Rec8 31. Nxf7+ Kg7 32. Nd6 Rxc2
33. Nxc8 Rxc8 34. f3 Rc2 35. Rd1 1-0

[Event "Lloyds Bank Masters 17th"]
[Site "London"]
[Date "1993.08.27"]
[Round "7"]
[White "Poulton, James"]
[Black "Lane, Gary William"]
[Result "1-0"]
[WhiteElo "2300"]
[BlackElo "2430"]
[PlyCount "70"]
[EventDate "1993.08.21"]
[EventType "swiss"]
[EventRounds "10"]
[EventCountry "ENG"]

1. d4 Nf6 2. Nf3 g6 3. Nc3 d5 4. Bf4 Bg7 5. e3 c6 6. Be2 Bg4 7. Ne5 Bxe2 8.
Qxe2 Nfd7 9. h4 f6 10. Nd3 e5 11. dxe5 fxe5 12. Bg5 Bf6 13. Qg4 Na6 14. Nxe5
Bxg5 15. Nxd7 Be7 16. Ne5 Qd6 17. Nd3 Bf6 18. O-O-O Kf7 19. h5 Qe6 20. Qxe6+
Kxe6 21. hxg6 hxg6 22. Kd2 Kf7 23. f3 Rhe8 24. Rh7+ Bg7 25. Rh4 Rad8 26. Rf4+
Kg8 27. Rg4 Rd6 28. Ke2 Bh6 29. e4 d4 30. Nb1 c5 31. b3 b5 32. Na3 Rb6 33. Rh1
Kg7 34. Rh3 Rc8 35. Ne5 Rc7 1-0

[Event "Lloyds Bank Masters 17th"]
[Site "London"]
[Date "1993.08.27"]
[Round "7"]
[White "Reilly, Tim"]
[Black "Mitkov, Nikola"]
[Result "1-0"]
[WhiteElo "2315"]
[BlackElo "2495"]
[PlyCount "69"]
[EventDate "1993.08.21"]
[EventType "swiss"]
[EventRounds "10"]
[EventCountry "ENG"]

1. d4 Nf6 2. c4 e6 3. Nc3 Bb4 4. e3 O-O 5. Bd3 d5 6. cxd5 exd5 7. Nge2 Bd6 8.
f3 c5 9. O-O Nc6 10. Kh1 Re8 11. a3 a6 12. Rf2 b5 13. g4 b4 14. Na4 c4 15. Bc2
b3 16. Bb1 Bxg4 17. fxg4 Nxg4 18. Rg2 Nxh2 19. Qg1 Qf6 20. Rxh2 Bxh2 21. Kxh2
Qh4+ 22. Kg2 Re6 23. Nf4 Rh6 24. Bd2 Re8 25. Kf1 Rf6 26. Nc3 g5 27. Ncxd5 Rh6
28. Be1 Qh1 29. Qxh1 Rxh1+ 30. Kg2 Rh6 31. Ne2 Kg7 32. Bf5 Rd6 33. Nec3 h5 34.
Bg3 Rdd8 35. Bc7 1-0

[Event "Lloyds Bank Masters 17th"]
[Site "London"]
[Date "1993.08.27"]
[Round "7"]
[White "Saunders, John C"]
[Black "Lauterbach, Ingrid"]
[Result "1-0"]
[WhiteElo "2245"]
[BlackElo "2120"]
[PlyCount "69"]
[EventDate "1993.08.21"]
[EventType "swiss"]
[EventRounds "10"]
[EventCountry "ENG"]

1. e4 d6 2. d4 Nf6 3. Nd2 e5 4. Ngf3 Bg4 5. c3 exd4 6. cxd4 Qe7 7. Bd3 g6 8.
O-O Bg7 9. h3 Bxf3 10. Nxf3 O-O 11. Re1 c6 12. Bf4 Qd8 13. Qd2 Ne8 14. Rad1 Nd7
15. Bc2 Nb6 16. Bb3 d5 17. Bg5 Qd7 18. exd5 Nxd5 19. Bxd5 Qxd5 20. Be7 Qxa2 21.
Qf4 a5 22. Ra1 Qd5 23. Bxf8 Bxf8 24. Re5 Qb3 25. Raxa5 Rxa5 26. Rxa5 Qd1+ 27.
Kh2 Bd6 28. Ne5 f6 29. Ra8 Kg7 30. Rxe8 g5 31. Qe3 h6 32. g3 fxe5 33. dxe5 Bb4
34. Rb8 Qd7 35. Qb6 1-0

[Event "Lloyds Bank Masters 17th"]
[Site "London"]
[Date "1993.08.27"]
[Round "7"]
[White "Howell, James C"]
[Black "Kumaran, Dharshan"]
[Result "1-0"]
[WhiteElo "2505"]
[BlackElo "2425"]
[PlyCount "64"]
[EventDate "1993.08.21"]
[EventType "swiss"]
[EventRounds "10"]
[EventCountry "ENG"]

1. e4 c6 2. d4 d5 3. exd5 cxd5 4. c4 Nf6 5. Nc3 e6 6. Nf3 Bb4 7. Bd3 dxc4 8.
Bxc4 O-O 9. O-O b6 10. Qe2 Bb7 11. Rd1 Nbd7 12. d5 e5 13. Bg5 Bxc3 14. bxc3 Rc8
15. Bb5 e4 16. Nd4 Ne5 17. Nf5 Rc5 18. Ng3 Rxd5 19. Nxe4 Rxd1+ 20. Rxd1 Qxd1+
21. Qxd1 Nxe4 22. h4 h6 23. Be7 Rc8 24. Qd4 Ng6 25. Bb4 Nf6 26. Bd3 Re8 27.
Bxg6 fxg6 28. f3 Kh7 29. c4 Rc8 30. Kh2 Rc7 31. c5 bxc5 32. Bxc5 a6 1-0

[Event "Lloyds Bank Masters 17th"]
[Site "London"]
[Date "1993.08.27"]
[Round "7"]
[White "Radha, SR.."]
[Black "Cafferty, Bernard"]
[Result "0-1"]
[WhiteElo "2050"]
[BlackElo "2310"]
[PlyCount "64"]
[EventDate "1993.08.21"]
[EventType "swiss"]
[EventRounds "10"]
[EventCountry "ENG"]

1. e4 Nf6 2. Nc3 d5 3. e5 Ne4 4. Nf3 c5 5. Bb5+ Bd7 6. Qe2 Nxc3 7. Bxd7+ Qxd7
8. dxc3 e6 9. O-O Nc6 10. Be3 Be7 11. Rfe1 O-O 12. Rad1 Qc7 13. Bc1 Rae8 14. c4
dxc4 15. Qxc4 Rd8 16. Bf4 Rxd1 17. Rxd1 Rd8 18. Qe2 h6 19. Bg3 Qb6 20. Rxd8+
Qxd8 21. c3 a6 22. Nd2 Qd7 23. b3 Qd5 24. Nc4 b5 25. Nd2 Bd8 26. Kf1 Ba5 27.
Qe3 Ne7 28. Nb1 Qd1+ 29. Qe1 Qc2 30. b4 cxb4 31. cxb4 Qc4+ 32. Kg1 Bxb4 0-1

[Event "Lloyds Bank Masters 17th"]
[Site "London"]
[Date "1993.08.27"]
[Round "7"]
[White "Franklin, Michael J"]
[Black "Gual Pascual, Antonio"]
[Result "0-1"]
[WhiteElo "2275"]
[BlackElo "2350"]
[PlyCount "60"]
[EventDate "1993.08.21"]
[EventType "swiss"]
[EventRounds "10"]
[EventCountry "ENG"]

1. d4 d5 2. Nf3 Nf6 3. e3 c6 4. c4 Bf5 5. Nc3 e6 6. Bd3 Bg6 7. O-O Nbd7 8. Qe2
Bxd3 9. Qxd3 Be7 10. b3 O-O 11. Bb2 a5 12. Rfe1 a4 13. cxd5 a3 14. Bc1 exd5 15.
Bd2 Re8 16. e4 dxe4 17. Nxe4 Nxe4 18. Qxe4 Nf6 19. Qc2 Nd5 20. Ng5 g6 21. h4
Qb6 22. Re4 Bf6 23. Rae1 Rxe4 24. Rxe4 Bxd4 25. h5 Bxf2+ 26. Kh1 Qb5 27. Nh3
Qf1+ 28. Kh2 Bb6 29. g3 Nf6 30. hxg6 hxg6 0-1

[Event "Lloyds Bank Masters 17th"]
[Site "London"]
[Date "1993.08.27"]
[Round "7"]
[White "Houska, Jovanka"]
[Black "Dahl, Ingrid"]
[Result "0-1"]
[WhiteElo "1872"]
[BlackElo "2130"]
[PlyCount "59"]
[EventDate "1993.08.21"]
[EventType "swiss"]
[EventRounds "10"]
[EventCountry "ENG"]

1. e4 c6 2. d4 d5 3. e5 Bf5 4. c3 e6 5. Nf3 c5 6. Bd3 Bxd3 7. Qxd3 Nc6 8. O-O
Nge7 9. Be3 cxd4 10. cxd4 Nf5 11. Nc3 Be7 12. Rac1 Rc8 13. a3 O-O 14. Rfe1 Qd7
15. Bf4 h6 16. Bg3 Na5 17. Qc2 Rc7 18. Bf4 Rfc8 19. Bd2 Qc6 20. g4 Nh4 21. Nxh4
Bxh4 22. Re3 Bg5 23. Rh3 Bxd2 24. Qxd2 Nb3 25. Qf4 Nxc1 26. g5 Qxc3 27. Kg2 Qc2
28. gxh6 Qe4+ 29. Qxe4 dxe4 30. h7+ 0-1

[Event "Lloyds Bank Masters 17th"]
[Site "London"]
[Date "1993.08.27"]
[Round "7"]
[White "McKenna, Jason"]
[Black "Cobb, James"]
[Result "0-1"]
[WhiteElo "2160"]
[BlackElo "2280"]
[PlyCount "58"]
[EventDate "1993.08.21"]
[EventType "swiss"]
[EventRounds "10"]
[EventCountry "ENG"]

1. e4 e6 2. d4 d5 3. e5 c5 4. Qg4 Nc6 5. Nf3 Nxd4 6. Nxd4 cxd4 7. Bd3 Ne7 8.
O-O Nc6 9. Re1 Qc7 10. Qg3 Bd7 11. a3 f6 12. f4 O-O-O 13. b4 h6 14. b5 Na5 15.
h4 Nc4 16. Nd2 fxe5 17. fxe5 Bxb5 18. Rb1 Ba4 19. Qg4 Bd7 20. Nxc4 dxc4 21. Be4
b6 22. a4 Bc5 23. a5 d3+ 24. Kh1 dxc2 25. Rb2 b5 26. a6 Qa5 27. Bb7+ Kb8 28.
Qe2 Bc8 29. Bxc8 Qxe1+ 0-1

[Event "Lloyds Bank Masters 17th"]
[Site "London"]
[Date "1993.08.27"]
[Round "7"]
[White "Shaw, John Kerr"]
[Black "McMichael, Richard"]
[Result "1-0"]
[WhiteElo "2270"]
[BlackElo "2305"]
[PlyCount "55"]
[EventDate "1993.08.21"]
[EventType "swiss"]
[EventRounds "10"]
[EventCountry "ENG"]

1. e4 e5 2. f4 exf4 3. Be2 d5 4. exd5 Nf6 5. Nf3 Nxd5 6. O-O Bd6 7. c4 Nf6 8.
d4 c5 9. d5 O-O 10. Nc3 a6 11. Ng5 h6 12. Nge4 Nxe4 13. Nxe4 g5 14. Bd3 Be5 15.
Qh5 Bg7 16. Bd2 Bf5 17. Nxc5 Bxd3 18. Nxd3 b5 19. Bc3 bxc4 20. Ne5 Qxd5 21.
Rad1 Qe6 22. Rfe1 Qf5 23. Ng4 Qc5+ 24. Kh1 Qc6 25. Ne5 Bxe5 26. Rxe5 Qf6 27.
Rd6 Qg7 28. Rxh6 1-0

[Event "Lloyds Bank Masters 17th"]
[Site "London"]
[Date "1993.08.27"]
[Round "7"]
[White "Rossiter, Philip J"]
[Black "Levitt, Jonathan"]
[Result "1/2-1/2"]
[WhiteElo "2330"]
[BlackElo "2455"]
[PlyCount "48"]
[EventDate "1993.08.21"]
[EventType "swiss"]
[EventRounds "10"]
[EventCountry "ENG"]

1. d4 d5 2. c4 c6 3. Nf3 Nf6 4. Nc3 a6 5. cxd5 cxd5 6. Ne5 g6 7. g3 Bg7 8. Bg2
O-O 9. O-O e6 10. Qb3 Nfd7 11. Nxd7 Bxd7 12. e4 dxe4 13. Nxe4 Bc6 14. Rd1 Bd5
15. Qd3 Nd7 16. Bf4 Qb6 17. Nc3 Bxg2 18. Kxg2 Rac8 19. Rab1 Qa5 20. Qf3 b5 21.
Bd6 Rfe8 22. b4 Qd8 23. Bc5 Nb6 24. d5 exd5 1/2-1/2

[Event "Lloyds Bank Masters 17th"]
[Site "London"]
[Date "1993.08.27"]
[Round "7"]
[White "Koshy, Varugeese"]
[Black "Sheldon, Ruth"]
[Result "0-1"]
[WhiteElo "2415"]
[BlackElo "2040"]
[PlyCount "46"]
[EventDate "1993.08.21"]
[EventType "swiss"]
[EventRounds "10"]
[EventCountry "ENG"]

1. c4 g6 2. Nc3 Bg7 3. g3 e5 4. Bg2 f5 5. d3 Nf6 6. e4 O-O 7. Nge2 d6 8. O-O c6
9. h3 Be6 10. exf5 gxf5 11. f4 Nbd7 12. Be3 Nh5 13. Kh2 Qe8 14. Bf3 Qg6 15. Rg1
Nhf6 16. Qd2 e4 17. Bh1 Qh5 18. Nd4 Ng4+ 19. Kg2 Nxe3+ 20. Qxe3 Rae8 21. Nxe6
Rxe6 22. dxe4 Bxc3 23. Qxc3 Qe2# 0-1

[Event "Lloyds Bank Masters 17th"]
[Site "London"]
[Date "1993.08.27"]
[Round "7"]
[White "Duchovny, Eduard"]
[Black "El Assiouti, Sheriff"]
[Result "1/2-1/2"]
[WhiteElo "2232"]
[BlackElo "2325"]
[PlyCount "41"]
[EventDate "1993.08.21"]
[EventType "swiss"]
[EventRounds "10"]
[EventCountry "ENG"]

1. d4 Nf6 2. Nf3 e6 3. Bg5 Be7 4. e3 O-O 5. Bd3 d5 6. O-O c5 7. dxc5 Bxc5 8.
Nbd2 Nc6 9. c4 Be7 10. Qe2 dxc4 11. Nxc4 Nd5 12. Bxe7 Qxe7 13. Rfd1 Bd7 14.
Nfe5 Rfd8 15. Rd2 Be8 16. Nxc6 Bxc6 17. Ne5 Be8 18. Bc4 Nb4 19. Rad1 Nc6 20. f3
g6 21. a3 1/2-1/2

[Event "Lloyds Bank Masters 17th"]
[Site "London"]
[Date "1993.08.27"]
[Round "7"]
[White "Griffiths, Paul V"]
[Black "Morris, Philip"]
[Result "1/2-1/2"]
[WhiteElo "2240"]
[BlackElo "2380"]
[PlyCount "35"]
[EventDate "1993.08.21"]
[EventType "swiss"]
[EventRounds "10"]
[EventCountry "ENG"]

1. e4 e5 2. Nf3 Nc6 3. d4 exd4 4. Nxd4 Nf6 5. Nc3 Bb4 6. Nxc6 bxc6 7. Bd3 d5 8.
exd5 cxd5 9. O-O O-O 10. Bg5 c6 11. Qf3 Bd6 12. Rae1 Rb8 13. Nd1 h6 14. Bxf6
Qxf6 15. Qxf6 gxf6 16. b3 a5 17. Ne3 Bb4 18. Re2 1/2-1/2

[Event "Lloyds Bank Masters 17th"]
[Site "London"]
[Date "1993.08.27"]
[Round "7"]
[White "Barle, Janez"]
[Black "Tozer, Richard"]
[Result "1-0"]
[WhiteElo "2435"]
[BlackElo "2300"]
[PlyCount "29"]
[EventDate "1993.08.21"]
[EventType "swiss"]
[EventRounds "10"]
[EventCountry "ENG"]

1. Nf3 f5 2. e4 fxe4 3. Ng5 d5 4. d3 Qd6 5. Nc3 h6 6. Nb5 Qb4+ 7. c3 Qxb5 8.
Qh5+ Kd7 9. Qg4+ Kc6 10. Qxc8 Nd7 11. Qxa8 hxg5 12. dxe4 Qb6 13. exd5+ Kxd5 14.
Be2 e5 15. Be3 1-0

[Event "Lloyds Bank Masters 17th"]
[Site "London"]
[Date "1993.08.27"]
[Round "7"]
[White "Corkett, Anthony"]
[Black "Lyell, Mark"]
[Result "0-1"]
[WhiteElo "2315"]
[BlackElo "2235"]
[PlyCount "80"]
[EventDate "1993.08.21"]
[EventType "swiss"]
[EventRounds "10"]
[EventCountry "ENG"]

1. c4 e5 2. Nc3 Nc6 3. e3 g6 4. d4 d6 5. Be2 Bg7 6. d5 Nce7 7. h4 f5 8. h5 Nh6
9. hxg6 hxg6 10. Qb3 Nf7 11. Rxh8+ Bxh8 12. Bd2 c6 13. O-O-O Qb6 14. Qa3 Bd7
15. f3 Rc8 16. Kb1 cxd5 17. Nxd5 Nxd5 18. cxd5 e4 19. f4 Bb5 20. Qb3 Rc5 21.
Bc1 Nh6 22. Rd2 Ng4 23. Rc2 Bxe2 24. Nxe2 Qxb3 25. axb3 Kd7 26. Rxc5 dxc5 27.
Nc3 a6 28. Na4 Kd6 29. Nb6 Nf6 30. Nc4+ Kxd5 31. Ne5 g5 32. Nf7 gxf4 33. exf4
Bg7 34. Bd2 Ng4 35. Kc2 Bf6 36. Bc3 Ne3+ 37. Kd2 Bxc3+ 38. bxc3 Nxg2 39. c4+
Kd4 40. Nd6 e3+ 0-1

[Event "Lloyds Bank Masters 17th"]
[Site "London"]
[Date "1993.08.28"]
[Round "8"]
[White "Jonsson, Hans"]
[Black "Connell, Blair"]
[Result "1/2-1/2"]
[WhiteElo "2345"]
[BlackElo "2230"]
[PlyCount "143"]
[EventDate "1993.08.21"]
[EventType "swiss"]
[EventRounds "10"]
[EventCountry "ENG"]

1. e4 c6 2. c4 d5 3. cxd5 cxd5 4. exd5 Nf6 5. Bb5+ Nbd7 6. Nc3 a6 7. Qa4 Rb8 8.
Bxd7+ Bxd7 9. Qf4 b5 10. a3 e6 11. Nf3 exd5 12. O-O Be7 13. d4 O-O 14. Ne5 b4
15. axb4 Rb6 16. Nd3 Bd6 17. Qh4 Bf5 18. Nc5 Rxb4 19. Nxa6 Rc4 20. Bg5 Be7 21.
Qf4 Bg6 22. Rfe1 h6 23. Bh4 Nh5 24. Bxe7 Nxf4 25. Bxd8 Rxd8 26. Nb5 Nd3 27. b3
Rc2 28. Rf1 Rb2 29. Rab1 Rxb1 30. Rxb1 Nb4 31. Ra1 Nxa6 32. Rxa6 Rb8 33. Ra5
Bd3 34. Nc7 Rxb3 35. h3 Bc4 36. Nxd5 Bxd5 37. Rxd5 Kf8 38. Re5 Rd3 39. Re4 f5
40. Rf4 Ke7 41. Rxf5 Rxd4 42. Kh2 Ra4 43. Kg3 Rb4 44. Rf4 Rb5 45. h4 g6 46. Kg4
Ra5 47. Kh3 Ra3+ 48. f3 Ra5 49. g4 Rb5 50. Kg3 Ra5 51. Rb4 Kf7 52. Rb7+ Kg8 53.
Kf4 Ra4+ 54. Kg3 Ra5 55. Re7 Rb5 56. Kf4 Ra5 57. Ke4 Rb5 58. Rd7 Ra5 59. f4 Rb5
60. Rd5 Rb7 61. Ke5 Kf7 62. Ra5 Re7+ 63. Kd5 Rd7+ 64. Ke4 Re7+ 65. Kd4 Rd7+ 66.
Rd5 Ra7 67. h5 gxh5 68. gxh5 Ke6 69. Ke4 Ra4+ 70. Rd4 Ra5 71. f5+ Rxf5 72. Rd6+
1/2-1/2

[Event "Lloyds Bank Masters 17th"]
[Site "London"]
[Date "1993.08.28"]
[Round "8"]
[White "Houska, Jovanka"]
[Black "Lendvai, Noemi"]
[Result "1/2-1/2"]
[WhiteElo "1872"]
[BlackElo "2105"]
[PlyCount "129"]
[EventDate "1993.08.21"]
[EventType "swiss"]
[EventRounds "10"]
[EventCountry "ENG"]

1. e4 c5 2. Nf3 Nc6 3. d4 cxd4 4. Nxd4 Nf6 5. Nc3 d6 6. Be2 g6 7. O-O Bg7 8.
Bg5 O-O 9. Nf3 Be6 10. Re1 Rc8 11. Qd2 a6 12. Rad1 b5 13. a3 Qc7 14. Bf1 Ng4
15. h3 Nge5 16. Nxe5 dxe5 17. Nd5 Qb7 18. c4 Bxd5 19. exd5 Nd4 20. cxb5 axb5
21. Bd3 Rfe8 22. Qb4 Rb8 23. d6 exd6 24. Be3 Nc6 25. Qxd6 e4 26. Be2 Be5 27.
Qd5 b4 28. axb4 Nxb4 29. Qxb7 Rxb7 30. Rd2 Rc8 31. Red1 Rc2 32. Bh6 Rxd2 33.
Rxd2 Nc6 34. Rc2 Ne7 35. Rd2 Nc6 36. Rc2 Ne7 37. Bc1 Kg7 38. Kf1 Nf5 39. Ke1
Nd4 40. Rd2 Nb3 41. Rd5 Bf6 42. Be3 Bxb2 43. Ba6 Rb4 44. Rd7 Ra4 45. Bb7 Nd4
46. Bxd4+ Rxd4 47. Bd5 Kh6 48. Ke2 Kg5 49. Ke3 f5 50. g3 Bc3 51. Be6 Rb4 52.
f4+ exf3 53. Kxf3 h6 54. h4+ Kf6 55. Bg8 g5 56. Rf7+ Kg6 57. h5+ Kxh5 58. Rxf5
Kg6 59. g4 Bf6 60. Be6 Rb6 61. Bd5 h5 62. Be4 Rb3+ 63. Kg2 Rb2+ 64. Rf2+ Kg7
65. Rxb2 1/2-1/2

[Event "Lloyds Bank Masters 17th"]
[Site "London"]
[Date "1993.08.28"]
[Round "8"]
[White "McNab, Colin Anderson"]
[Black "Gual Pascual, Antonio"]
[Result "1-0"]
[WhiteElo "2490"]
[BlackElo "2350"]
[PlyCount "129"]
[EventDate "1993.08.21"]
[EventType "swiss"]
[EventRounds "10"]
[EventCountry "ENG"]

1. Nf3 f5 2. b3 Nf6 3. Bb2 g6 4. Bxf6 exf6 5. c4 Nc6 6. g3 b6 7. Bg2 Bb7 8. O-O
Kf7 9. Nc3 Kg7 10. d4 Bb4 11. Qc2 Re8 12. e3 Ne7 13. d5 Nc8 14. Nd4 Nd6 15.
Nde2 Qe7 16. a3 Bc5 17. Kh1 a5 18. Na4 h5 19. Nxc5 bxc5 20. h4 Nf7 21. Nf4 Ne5
22. a4 Ng4 23. Rae1 c6 24. e4 cxd5 25. Nxg6 Qf7 26. exf5 Rab8 27. Rxe8 Qxe8 28.
cxd5 Ba6 29. Rc1 Qe2 30. Qxe2 Bxe2 31. f3 Ne3 32. Nf4 Bd1 33. Nxh5+ Kf7 34.
Rxc5 Rxb3 35. Nf4 Nxf5 36. Kh2 Bxf3 37. d6 Nxd6 38. Bxf3 Rxf3 39. Rd5 Ne4 40.
Rxd7+ Kg8 41. Rd3 Rf2+ 42. Kh3 Ra2 43. Rd8+ Kh7 44. Kg4 f5+ 45. Kxf5 Nxg3+ 46.
Kg4 Ne2 47. Nxe2 Rxe2 48. Kf5 Rf2+ 49. Kg5 Rg2+ 50. Kh5 Ra2 51. Rd7+ Kg8 52.
Kg6 Rg2+ 53. Kf5 Rb2 54. Ra7 Rb4 55. Rxa5 Rxh4 56. Ke6 Re4+ 57. Kd6 Kf7 58.
Ra7+ Ke8 59. Ra8+ Kf7 60. a5 Rd4+ 61. Kc5 Rd1 62. Rb8 Ra1 63. Rb5 Ke7 64. Kb6
Kd7 65. a6 1-0

[Event "Lloyds Bank Masters 17th"]
[Site "London"]
[Date "1993.08.28"]
[Round "8"]
[White "Conquest, Stuart"]
[Black "Reilly, Tim"]
[Result "1-0"]
[WhiteElo "2485"]
[BlackElo "2315"]
[PlyCount "127"]
[EventDate "1993.08.21"]
[EventType "swiss"]
[EventRounds "10"]
[EventCountry "ENG"]

1. d4 d6 2. Nf3 g6 3. c3 Bg7 4. e4 Nf6 5. Bd3 O-O 6. O-O Nc6 7. Be3 e5 8. dxe5
Nxe5 9. Nxe5 dxe5 10. Qc2 Nh5 11. Nd2 Nf4 12. Bxf4 exf4 13. Rfe1 Re8 14. Bc4
Qe7 15. e5 Bf5 16. Qb3 c6 17. a4 Rad8 18. Nf3 Bg4 19. Nd4 Kf8 20. h3 Bc8 21.
Nf3 Bf5 22. Re2 Bd3 23. Bxd3 Rxd3 24. Rae1 Rd5 25. Qc4 g5 26. Qe4 Kg8 27. b4 h6
28. Qf5 Qd7 29. Qc2 Re6 30. Re4 Qc7 31. c4 Rd8 32. R4e2 Rde8 33. Qf5 f6 34. h4
Qf7 35. hxg5 fxg5 36. Qg4 Qd7 37. g3 fxg3 38. Qxg3 R8e7 39. Kg2 Re8 40. c5 R8e7
41. Qg4 Re8 42. Rd2 Qf7 43. Rd6 R8e7 44. b5 Re8 45. bxc6 bxc6 46. Qe4 Rf8 47.
Re2 Re7 48. Qg4 Qe8 49. Qc4+ Kh8 50. e6 Qh5 51. Nh2 Be5 52. Nf1 Qf3+ 53. Kg1
Rf4 54. Nh2 Qh5 55. Qa6 Rxa4 56. Qc8+ Re8 57. Qxe8+ Qxe8 58. Rxe5 Rb4 59. e7
Rb8 60. Ng4 Kg7 61. Nf6 Qf7 62. e8=Q Rxe8 63. Nxe8+ Kg8 64. Nf6+ 1-0

[Event "Lloyds Bank Masters 17th"]
[Site "London"]
[Date "1993.08.28"]
[Round "8"]
[White "Emms, John M"]
[Black "Obukhov, Alexander"]
[Result "1/2-1/2"]
[WhiteElo "2455"]
[BlackElo "2490"]
[PlyCount "120"]
[EventDate "1993.08.21"]
[EventType "swiss"]
[EventRounds "10"]
[EventCountry "ENG"]

1. e4 e5 2. Nf3 Nc6 3. Bb5 a6 4. Ba4 Nf6 5. O-O Be7 6. Re1 b5 7. Bb3 d6 8. c3
O-O 9. d3 Na5 10. Bc2 c5 11. Nbd2 Qc7 12. Nf1 Re8 13. a3 c4 14. d4 h6 15. Ng3
Bf8 16. h3 g6 17. Be3 Bb7 18. d5 Nd7 19. Nh2 h5 20. Kh1 Bg7 21. f4 exf4 22.
Bxf4 Ne5 23. Ne2 Bc8 24. Nd4 Bd7 25. Ndf3 Nb7 26. Qd2 Re7 27. Rad1 f6 28. Be3
Rf8 29. Nxe5 fxe5 30. Rf1 Ref7 31. Rxf7 Rxf7 32. Qe1 Qd8 33. Qg3 Kh7 34. Nf3
Bh6 35. Ng5+ Bxg5 36. Bxg5 Qf8 37. Kg1 Nc5 38. Be3 Na4 39. Bxa4 bxa4 40. Qg5
Bc8 41. Kh2 Bd7 42. Kg3 Bc8 43. Rd2 Rf1 44. Rf2 Rxf2 45. Bxf2 Kg7 46. Bb6 Qf6
47. Qxf6+ Kxf6 48. Bd8+ Kf7 49. Kh4 Bd7 50. Kg5 Be8 51. Bb6 Ke7 52. Bc7 Kd7 53.
Bb8 Ke7 54. Kh6 Bf7 55. Ba7 Be8 56. Be3 Kf6 57. Bg5+ Kf7 58. Bh4 Kf8 59. Bd8
Bf7 60. Bf6 Be8 1/2-1/2

[Event "Lloyds Bank Masters 17th"]
[Site "London"]
[Date "1993.08.28"]
[Round "8"]
[White "Mitkov, Nikola"]
[Black "Poulton, James"]
[Result "1-0"]
[WhiteElo "2495"]
[BlackElo "2300"]
[PlyCount "113"]
[EventDate "1993.08.21"]
[EventType "swiss"]
[EventRounds "10"]
[EventCountry "ENG"]

1. e4 e6 2. Nc3 d5 3. d4 Bb4 4. e5 c5 5. a3 Bxc3+ 6. bxc3 Ne7 7. Qg4 Qc7 8.
Qxg7 Rg8 9. Qxh7 cxd4 10. Ne2 Nbc6 11. f4 Bd7 12. Qd3 dxc3 13. Rb1 O-O-O 14.
Nxc3 Na5 15. Rg1 Kb8 16. g4 Rc8 17. Rg3 Ng6 18. Nb5 Bxb5 19. Qxb5 Qxc2 20. Bd2
Rc5 21. Qb4 Rgc8 22. Bd3 Qa2 23. Rh3 b6 24. Rh7 Nc4 25. Rxf7 Nh4 26. Ke2 Nf3
27. Bxc4 Rxc4 28. Qb2 Nd4+ 29. Kf2 Rc2 30. Qxa2 Rxa2 31. Rd1 Rcc2 32. h4 Rxd2+
33. Rxd2 Rxd2+ 34. Ke3 Nb3 35. g5 d4+ 36. Kf3 Rd3+ 37. Kg4 Rd1 38. g6 d3 39.
Rd7 d2 40. Kg5 Rg1+ 41. Kf6 Kc8 42. Rd3 Nc5 43. Rxd2 Ne4+ 44. Kxe6 Nxd2 45. h5
Nf3 46. Kf7 Rg4 47. g7 Rxf4+ 48. Ke8 Rd4 49. h6 Ng5 50. Ke7 Rd8 51. Kf6 Nh7+
52. Kg6 Nf8+ 53. Kf7 Nh7 54. e6 Ng5+ 55. Kf6 Nh7+ 56. Kg6 Nf8+ 57. Kf7 1-0

[Event "Lloyds Bank Masters 17th"]
[Site "London"]
[Date "1993.08.28"]
[Round "8"]
[White "Salem, Aylem M"]
[Black "Pert, Nicholas"]
[Result "1-0"]
[WhiteElo "2285"]
[BlackElo "2065"]
[PlyCount "111"]
[EventDate "1993.08.21"]
[EventType "swiss"]
[EventRounds "10"]
[EventCountry "ENG"]

1. e4 e6 2. d4 d5 3. Nd2 Nf6 4. e5 Nfd7 5. c3 c5 6. Bd3 Nc6 7. Ne2 cxd4 8. cxd4
Qb6 9. Nf3 f6 10. exf6 Nxf6 11. O-O Bd6 12. b3 O-O 13. Bf4 Bxf4 14. Nxf4 Kh8
15. Ng5 Qxd4 16. Nfxe6 Bxe6 17. Nxe6 Qh4 18. Nxf8 Rxf8 19. Rc1 Ne5 20. Be2 h6
21. h3 Ng6 22. Bf3 Qg5 23. Kh2 Nh4 24. g3 Qe5 25. Bh1 Nf5 26. Qd3 Nd6 27. f4
Qe6 28. Rfe1 Nde4 29. Qd4 Qa6 30. Rc2 Re8 31. Bf3 b6 32. Rec1 Nc5 33. Rd1 Rd8
34. b4 Nce4 35. Qd3 Qb7 36. Rdc1 Qe7 37. a3 Qf7 38. Rc7 Rd7 39. Rc8+ Kh7 40.
R1c6 Re7 41. Kg2 Qg6 42. Bd1 Qf5 43. Bc2 Nh5 44. Rd8 Nxf4+ 45. gxf4 Qxf4 46.
Qf3 Qd2+ 47. Kh1 Qe1+ 48. Kh2 Qd2+ 49. Qg2 Qf4+ 50. Kh1 g5 51. Rxd5 Qc1+ 52.
Rd1 Qe3 53. Bxe4+ Rxe4 54. Rd7+ Kh8 55. Rc8+ Re8 56. Qb2+ 1-0